Danza movimiento terapia : (Record no. 137221)

MARC details
000 -CABECERA
campo de control de longitud fija 03899nam a2200373 i 4500
001 - NÚMERO DE CONTROL
campo de control 991061733893306706
003 - IDENTIFICADOR DEL NÚMERO DE CONTROL
campo de control ES-BaIT
005 - FECHA Y HORA DE LA ÚLTIMA TRANSACCIÓN
campo de control 20260309142431.0
008 - DATOS DE LONGITUD FIJA--INFORMACIÓN GENERAL
campo de control de longitud fija 260309e202504 sp a | |||| 000 0dspa c
017 ## - NÚMERO DE COPYRIGHT O DE DEPÓSITO LEGAL
Número de copyright o de depósito legal DL BI 00484-2025
Agencia que asigna Oficina DL Bilbao
020 ## - NÚMERO INTERNACIONAL ESTÁNDAR DEL LIBRO
Número Internacional Estándar del Libro 9791399003710
040 ## - FUENTE DE LA CATALOGACIÓN
Centro catalogador/agencia de origen ES-BaIT
Lengua de catalogación cat
Normas de descripción rda
Centro/agencia transcriptor ES-BaIT
080 ## - NÚMERO DE LA CLASIFICACIÓN DECIMAL UNIVERSAL
Número de la Clasificación Decimal Universal 159.9:793
245 00 - MENCIÓN DE TÍTULO
Título Danza movimiento terapia :
Resto del título DMT /
Mención de responsabilidad, etc. edición: Maika Campo, Ana Luisa Meza Ferrari, Rosa Mª Rodríguez- Jiménez
250 ## - MENCIÓN DE EDICIÓN
Mención de edición Primera edición
264 #1 - PRODUCCIÓN, PUBLICACIÓN, DISTRIBUCIÓN, FABRICACIÓN Y COPYRIGHT
Producción, publicación, distribución, fabricación y copyright Sestao, Bizkaia. España :
Nombre del de productor, editor, distribuidor, fabricante AIRA Espazioa_LUPI,
Fecha de producción, publicación, distribución, fabricación o copyright abril 2025
300 ## - DESCRIPCIÓN FÍSICA
Extensión 215 pàgines :
Otras características físicas il·lustracions ;
Dimensiones 20 cm
336 ## - TIPO DE CONTENIDO
Término de tipo de contenido text
Código de tipo de contenido txt
Fuente rdacontent
337 ## - TIPO DE MEDIO
Nombre/término del tipo de medio sense mediació
Código del tipo de medio n
Fuente rdamedia
338 ## - TIPO DE SOPORTE
Nombre/término del tipo de soporte volum
Código del tipo de soporte nc
Fuente rdacarrier
490 1# - MENCIÓN DE SERIE
Mención de serie Colección: Terapias Creativas. Serie: AIRA/1
500 ## - NOTA GENERAL
Nota general Inclou referències bibliogràfiques i codi QR amb biografia de les autores
505 8# - NOTA DE CONTENIDO CON FORMATO
Nota de contenido con formato Conté: Nota editorial -- Introducción -- La danza movimiento terapia / María Elena García -- Los círculos concéntricos: el cuero en expansión y el parkinson / Motse Martí -- Coco. El proceso creativo en un centro de reforma / Maika Campo -- lice. Discapacidad y dignificación: La relación terapéutica / Paulina Meléndez -- Estimulación sensorial: el uso de la música y materiales con adultos mayores / Clarissa B. Machado -- El análisis del moviento e nsalud mental / Eudard Martin -- Matresfera. El cuidado temprano de la vida / Ana Luisa Meza Ferrari -- La contratransferencia somática en el trabajo infantil con TEA / Carolina Alejos -- El cuerpo en el lanálisis de sueños /Claudia Águila -- Entornos sensibles: transitando entre el arte y la ciencia /Rosa Mª Rodríguez Jiménez -- La pequeña grande Kali: Una historia de cierres y aperturas / Sónia Malaquias
520 ## - SUMARIO, ETC.
Sumario, etc. "Este libro trata de reflexionar sobre qué es la Danza Movimiento Terapia (DMT). Ofrece un espacio para la divulgación de la DMT, que en el futuro podrá́ estar arropada, además, por otras disciplinas, donde la creación y el movimiento también sean seña de identidad.En este recorrido por las historias compartidas con nuestros pacientes, algo de lo que nos define como DMTs puede volverse más claro, para quienes tienen curiosidad o intención de acercarse a nuestro campo. Este libro, también es fruto de la unión de fuerzas: un intento de abrir nuestra disciplina a un mundo que podría nutrirse de su mirada." -- Pàgina web editorial
520 ## - SUMARIO, ETC.
Sumario, etc. "María Elena García define la DMT, conectando pasado y presente. Montse Martí relata el proceso de una paciente con Parkinson, profundizado por el trabajo en la naturaleza. Maika Campo expone la intervención en un centro para el cumplimiento de medidas judiciales, poniendo el foco en el proceso creativo. Paulina Meléndez aborda la relación terapéutica con una adolescente con discapacidad. Clarissa B. Machado aborda la utilización de música y materiales en el trabajo con tercera edad. Eduard Martin reflexiona sobre la observación y análisis de movimiento con enfermedad mental. Ana Luisa Meza habla de la empatía kinestésica en el acompañamiento a mujeres embarazadas. Carolina Alejos profundiza en la contratransferencia somática con niños autistas. Claudia Águila presenta el análisis de sueños como vía terapéutica. Rosa Mª Rodríguez integra la neurociencia en el contexto educativo y con Personas Altamente Sensibles. Finalmente, Sónia Malaquias aborda los cierres en DMT, en la intervención con una niña en un contexto clínico." -- Pàgina web editorial
650 #7 - PUNTO DE ACCESO ADICIONAL DE MATERIA--TÉRMINO DE MATERIA
Término de materia o nombre geográfico como elemento de entrada Dansateràpia
9 (RLIN) 56621
700 1# - ENTRADA AGREGADA--NOMBRE PERSONAL
Nombre de persona Campo, Maika
9 (RLIN) 168843
700 1# - ENTRADA AGREGADA--NOMBRE PERSONAL
Nombre de persona Meza Ferrari, Ana Luisa
9 (RLIN) 168844
700 1# - ENTRADA AGREGADA--NOMBRE PERSONAL
Nombre de persona Rodríguez, Rosa María
Forma completa/desarrollada del nombre (Rodríguez Jiménez)
9 (RLIN) 168845
830 ## - PUNTO DE ACCESO ADICIONAL DE SERIE-TÍTULO UNIFORME
Título uniforme Terapias Creativas.
Nombre de parte o sección de la obra AIRA
Designación de volumen o secuencia 1
9 (RLIN) 168846
908 ## - COLOCAR PARÁMETRO DE COMANDO (RLIN)
Colocar parámetro de comando CDMAE
940 ## - EQUIVALENCIA O REFERENCIA-CRUZADA--TÍTULO UNIFORME [OBSOLETO] [solamente CAN/MARC]
Título uniforme <a href="CDMAE">CDMAE</a>
942 ## - ELEMENTOS DE ENTRADA AGREGADA (KOHA)
Fuente del sistema de clasificación o colocación Clasificación decimal universal
Tipo de ítem Koha Llibre
Holdings
Estado de retiro Estado de pérdida Fuente del sistema de clasificación o colocación Estado dañado No para préstamo Localización permanente Ubicación/localización actual Ubicación en estantería Fecha de adquisición Fuente de adquisición Total de préstamos Signatura topográfica completa Código de barras Fecha visto por última vez Precio válido a partir de Tipo de ítem Koha
    Clasificación decimal universal     Biblioteca Barcelona Biblioteca Barcelona BCN Lliure Accés 09/03/2026 Compra   159.9:793 DAN 1900089907 09/03/2026 09/03/2026 Llibre

Powered by Koha